000 01074cam a22003134a 4500
999 _c140786
_d140786
003 UPN
005 20220528063539.0
008 090203s2006 es r 000 j spa d
020 _a8477025592
035 _aUPN01000168680
040 _aUPN
_bspa
_cUPN
049 _aCG
050 4 _aPR4621
_bA9.4
100 1 _aDoyle, Arthur Conan,
_cSir,
_d1859-1930
_930305
245 1 0 _aAventuras del profesor Challenger /
_cArthur Conan Doyle ; tr. Amando Lázaro Ros.
260 _aMadrid :
_bValdemar,
_c2006.
300 _a568 p.
490 _aGran Diógenes ;
_v9
501 _aCon: El mundo perdido -- La zona ponzoñosa -- Cuando la Tierra lanzó alaridos -- La máquina desintegradora -- El abismo de Maracot
600 1 0 _943360
_aChallenger, George Edward
_c(Personaje ficticio) -
_vNovela
650 0 _aHistorias de aventuras
_94131
740 3 _aEl mundo perdido
740 3 _aLa zona ponzoñosa
740 0 _aCuando la tierra lanzó alaridos
740 3 _aLa máquina desintegradora
740 3 _aEl abismo de Maracot
905 _aLibro
942 _2lcc
_cLIBRO